000 00679nam a2200217 a 4500
001 000036445
005 20200930075732.0
008 120118s1992 mx a 000 0 spa d
020 _a9688871796
040 _aDO-SdBNP
_bspa
_cBNPHU
082 _axxxx
_bS215
100 1 _aSanders, Norman
_962661
240 1 0 _aGraphic designer´s production handbook
_lEspañol
245 1 0 _aManual de producción del diseñador gráfico. /
_cNorman Sanders, William Bevington.
250 _a3a ed.
260 _aMéxico :
_bEdiciones G. Gili,
_c1992.
300 _a212 p. :
_bils., retr. ;
_c21 cm.
490 1 _aGG Diseño
500 _aTraducido del inglés
830 0 _aGG Diseño
_962662
999 _c35936
_d35936